Every Manchester United Goalscorer in European Competitions (2010's) - Statistics

General Stats
  • This quiz has been taken 15 times
  • The average score is 101 of 146
Answer Stats
Game Scorer % Correct
AC Milan (A) | AC Milan (H) | Athletic Bilbao (A) | +14 others Rooney
100%
Bayer 04 Leverkusen (H) | CFR Cluj (A) | Olympiacos (H) | Sporting Braga (A) van Persie
100%
Benfica (A) Giggs
93%
Anderlecht (H) | Basel (H) | Benfica (A) | +6 others Rashford
93%
AC Milan (A) Scholes
93%
Benfica (H) Berbatov
86%
AS Saint-Etienne (H) | Zorya Luhansk (A) | Zorya Luhansk (H) Ibrahimovic
86%
CSKA Moscow (A) | Fenerbahce (H) | Liverpool (H) | +4 others Martial
86%
Bayer 04 Leverkusen (A) | Bayern Munich (H) Vidic
86%
Ajax (N) | Fenerbahce (H) | Young Boys (A) Pogba
79%
Bayern Munich (A) Evra
71%
Bayer 04 Leverkusen (A) | Bayern Munich (H) | Bursaspor (H) Nani
71%
Bayer 04 Leverkusen (H) | Otelul Galati (H) | Schalke 04 (H) Valencia
71%
AZ Alkmaar (H) | Ajax (A) | Basel (H) Young
71%
Ajax (A) | Ajax (H) | Chelsea (H) | +4 others Hernandez
64%
Club Brugge (A) | Midtjylland (H) Herrera
64%
Basel (H) | CSKA Moscow (A) | CSKA Moscow (H) | +3 others Lukaku
64%
Galatasaray (H) Carrick
57%
Bayer 04 Leverkusen (A) | Sporting Braga (H) Evans
57%
Basel (A) | Shakhtar Donetsk (H) Jones
57%
Bayer 04 Leverkusen (A) | VfL Wolfsburg (H) Smalling
57%
Schalke 04 (H) | Valencia (H) Anderson
50%
Basel (H) | Celta Vigo (A) | Club Brugge (H) | Young Boys (H) Fellaini
50%
AZ Alkmaar (H) | Feyenoord (H) | Juventus (A) | +2 others Mata
50%
Club Brugge (H) | Midtjylland (A) | Midtjylland (H) | PSV Eindhoven (A) Depay
43%
AC Milan (H) | Benfica (H) | Bursaspor (A) Fletcher
43%
AZ Alkmaar (H) | Astana (H) | Partizan (H) Greenwood
43%
AS Saint-Etienne (A) | Ajax (N) | Anderlecht (A) | +4 others Mkhitaryan
43%
AC Milan (H) | Chelsea (H) Park
43%
Benfica (H) Blind
36%
Astana (A) | Fenerbahce (H) | Feyenoord (H) Lingard
36%
Basel (H) | Real Madrid (A) | Shakhtar Donetsk (A) Welbeck
36%
Bursaspor (A) Bebe
14%
Bayern Munich (H) | Schalke 04 (A) | Schalke 04 (H) Gibson
14%
Bursaspor (A) Obertan
14%
No matching quizzes found
Score Distribution
Percent of People with Each Score
Percentile by Number Answered
Your Score History
You have not taken this quiz